000 00263nam a22001097a 4500
008 170113b xxu||||| |||| 00| 0 eng d
020 _a9781455742189
041 _aeng
080 _27TH
_a618.2
245 _aPHARMACOLOGY/ A NURSING APPROACH
_cHAYES
942 _2udc
_cBK
999 _c2888
_d2888